Quantum computing (Record no. 6895)

MARC details
000 -LEADER
fixed length control field 00606nam a22002177a 4500
003 - CONTROL NUMBER IDENTIFIER
control field OSt
005 - DATE AND TIME OF LATEST TRANSACTION
control field 20220107122901.0
008 - FIXED-LENGTH DATA ELEMENTS--GENERAL INFORMATION
fixed length control field 211231b xxu||||| |||| 00| 0 eng d
020 ## - INTERNATIONAL STANDARD BOOK NUMBER
International Standard Book Number 9789390385263
040 ## - CATALOGING SOURCE
Transcribing agency KUDSIT
082 ## - DEWEY DECIMAL CLASSIFICATION NUMBER
Classification number 004.1 LAL/Q
100 ## - MAIN ENTRY--PERSONAL NAME
Personal name Lala, Parag K
9 (RLIN) 18869
245 ## - TITLE STATEMENT
Title Quantum computing
260 ## - PUBLICATION, DISTRIBUTION, ETC.
Place of publication, distribution, etc. New Delhi,
Name of publisher, distributor, etc. McGraw Hill Education Pvt. Ltd.,
Date of publication, distribution, etc. 2019.
300 ## - PHYSICAL DESCRIPTION
Extent viii, 168 p.
650 ## - SUBJECT ADDED ENTRY--TOPICAL TERM
Topical term or geographic name entry element COMPUTER SCIENCE
9 (RLIN) 18870
650 ## - SUBJECT ADDED ENTRY--TOPICAL TERM
Topical term or geographic name entry element TECHNOLOGY & ENGINEERING / ELECTRICAL
9 (RLIN) 18871
650 ## - SUBJECT ADDED ENTRY--TOPICAL TERM
Topical term or geographic name entry element QUANTUM COMPUTING
9 (RLIN) 18872
650 ## - SUBJECT ADDED ENTRY--TOPICAL TERM
Topical term or geographic name entry element QUANTUM THEORY
9 (RLIN) 18873
942 ## - ADDED ENTRY ELEMENTS (KOHA)
Source of classification or shelving scheme Dewey Decimal Classification
Koha item type Books
Holdings
Withdrawn status Lost status Source of classification or shelving scheme Damaged status Not for loan Collection code Home library Current library Shelving location Date acquired Cost, normal purchase price Total Checkouts Full call number Barcode Date last seen Date last checked out Price effective from Koha item type
    Dewey Decimal Classification     Data Processing Computer Processing Kerala University of Digital Sciences, Innovation and Technology Knowledge Centre Kerala University of Digital Sciences, Innovation and Technology Knowledge Centre Computer Science 18/04/2023 338.00 8 004.1 LAL/Q 5839 31/01/2024 29/01/2024 31/12/2021 Books